000 00335nam a22001337a 4500
999 _c14033
_d14033
020 _a9780128201091
082 _a004.22
100 _aDavid A. Patterson & John L. Hennessy
245 _aComputer Organization and Design MIPS edition
250 _aSixth Edition
260 _aAmsterdam
_bElsevier
300 _a832 pages
942 _cBK